Jon Carsman (Record no. 7058)

MARC details
000 - LÍDER
campo de control de longitud fija 00736nam a2200193Ia 4500
008 - ELEMENTOS DE DATOS DE LONGITUD FIJA - INFORMACIÓN GENERAL
campo de control de longitud fija 0000001979 usa 0000000000eng00
090 ## - NÚMERO DE LLAMADA DE TIPO LC LOCALMENTE ASIGNADO (OCLC)
Número de clasificación (OCLC) (R) PUS00 C17j
100 1# - ENTRADA PRINCIPAL - NOMBRE PERSONAL
Nombre de la persona Carsman, Jon
Fechas asociadas a un nombre 1944
245 10 - TÍTULO DECLARACIÓN
Título Jon Carsman
Resto del título : paintings & watercolors
260 ## - PUBLICACIÓN, DISTRIBUCIÓN
Lugar de publicación New York : Andrew Crispo Gallery
Fecha de publicación 1979
300 ## - DESCRIPCIÓN FÍSICA
Alcance [58] p.
Dimensiones / 26 cm.
500 ## - NOTA GENERAL
Nota general Exposición realizada en Andrew Crispo Gallery, New York, Febrero, 1979 \ Con el patronazgo del maestro venezolano Jesús Rafael Soto (q.e.p.d.)
600 00 - ENTRADA DE SUJETO AÑADIDO - NOMBRE PERSONAL
Nombre de la persona CARSMAN, JON, 1944/
Subdivisión general TRABAJOS PICTORICOS
650 14 - ENTRADA DE SUJETO AÑADIDO - TÉRMINO TÓPICO
Término tópico o elemento de entrada del nombre geográfico ARTE CONTEMPORANEO ESTADOUNIDENSE
650 14 - ENTRADA DE SUJETO AÑADIDO - TÉRMINO TÓPICO
Subdivisión general CATALOGOS
650 14 - ENTRADA DE SUJETO AÑADIDO - TÉRMINO TÓPICO
Subdivisión general EXPOSICIONES
650 14 - ENTRADA DE SUJETO AÑADIDO - TÉRMINO TÓPICO
Término tópico o elemento de entrada del nombre geográfico PINTORES ESTADOUNIDENSES
650 14 - ENTRADA DE SUJETO AÑADIDO - TÉRMINO TÓPICO
Término tópico o elemento de entrada del nombre geográfico PINTURA ESTADOUNIDENSE
Holdings
Estado de retirada Pérdida de estatus Estado dañado No para préstamo Código de recogida Ubicación permanente Ubicación actual Ubicación de las estanterías Fecha de adquisición Número de llamada completo Código de barras Fecha de la última vez que se vio Número de copia Precio efectivo desde Tipo de artículo Koha
        General ArtNexus ArtNexus General 06/09/2022 P-US-00 C17J 7062 06/09/2022 Ej.1 06/09/2022 Libro

Powered by Koha